Poskytovanie stravovania zamestnancom samosprávy v roku 2022

Poskytovanie stravovania zamestnancom samosprávy v roku 2022 a s ním spojené odpovede na časté otázky. Príklady účtovania stravovacích poukážok a príspevku na stravovanie.

Enregistré dans:
Détails bibliographiques
Auteur principal: Veverková Konečná, Ingrid
Format: Chapitre de livre
Langue:slovaque
Sujets:
Tags: Ajouter un tag
Pas de tags, Soyez le premier à ajouter un tag!

MARC

LEADER 00000naa a2200000 4500
001 0282026
005 20240417075154.3
041 0 |a slo 
044 |a SK 
245 1 0 |a Poskytovanie stravovania zamestnancom samosprávy v roku 2022  |c Ingrid Veverková Konečná 
520 |a Poskytovanie stravovania zamestnancom samosprávy v roku 2022 a s ním spojené odpovede na časté otázky. Príklady účtovania stravovacích poukážok a príspevku na stravovanie. 
610 2 0 |a stravovanie zamestnancov 
610 2 0 |a samospráva 
610 2 0 |a účtovanie 
610 2 0 |a poukážky 
610 2 0 |a zdaňovanie 
100 1 |a Veverková Konečná, Ingrid